A handbook of New Testament exegesis (Record no. 42320)
[ view plain ]
| 000 -LEADER | |
|---|---|
| fixed length control field | 01441 a2200205 4500 |
| 008 - FIXED-LENGTH DATA ELEMENTS--GENERAL INFORMATION | |
| fixed length control field | 131024b xxu||||| |||| 00| 0 eng d |
| 020 ## - INTERNATIONAL STANDARD BOOK NUMBER | |
| International Standard Book Number | 9780801031779 |
| 020 ## - INTERNATIONAL STANDARD BOOK NUMBER | |
| International Standard Book Number | 080103177X (pbk.) |
| 050 ## - LIBRARY OF CONGRESS CALL NUMBER | |
| Classification number | BS2331 |
| Item number | .B56 2010 |
| 100 ## - MAIN ENTRY--PERSONAL NAME | |
| Personal name | Blomberg, Craig |
| 245 ## - TITLE STATEMENT | |
| Title | A handbook of New Testament exegesis |
| Statement of responsibility, etc | Craig L. Blomberg with Jennifer Foutz Markley. |
| 260 ## - PUBLICATION, DISTRIBUTION, ETC. (IMPRINT) | |
| Place of publication, distribution, etc | Grand Rapids, Mich. : |b |c |
| Name of publisher, distributor, etc | Baker Academic, |
| Date of publication, distribution, etc | c2010. |
| 300 ## - PHYSICAL DESCRIPTION | |
| Extent | xx, 298 p. : |
| Other physical details | ill. ; |
| Dimensions | 23 cm. |
| 500 ## - GENERAL NOTE | |
| General note | Includes bibliographical references (p. 277-283) and indexes. |
| 505 ## - FORMATTED CONTENTS NOTE | |
| Formatted contents note | Textual criticism -- Translation and translations -- Historical-cultural context -- Literary context -- Word studies -- Grammar -- Interpretive problems -- Outlining -- Theology -- Application -- Summary -- Appendix : checklist for doing biblical exegesis. |
| 520 ## - SUMMARY, ETC. | |
| Summary, etc | New Testament scholar Craig Blomberg and his former research assistant Jennifer Foutz Markley offer both a broad overview of the exegetical process and a step-by-step approach to studying the New Testament in depth, helping readers understand the text and appropriate it responsibly. The book is full of illustrations of interesting or controversial New Testament texts where using the method under discussion truly makes a difference in how the texts are interpreted. --from publisher description |
| 630 ## - SUBJECT ADDED ENTRY--UNIFORM TITLE | |
| Relator term | Bible. |
| Title of a work | New Testament |
| General subdivision | Hermeneutics. |
| 700 ## - ADDED ENTRY--PERSONAL NAME | |
| Personal name | Markley, Jennifer Foutz. |
| 942 ## - ADDED ENTRY ELEMENTS (KOHA) | |
| Item type | Book |
| Source of classification or shelving scheme | Library of Congress Classification |
| Withdrawn status | Lost status | Source of classification or shelving scheme | Damaged status | Not for loan | Collection code | Home library | Current library | Shelving location | Date acquired | Source of acquisition | Cost, normal purchase price | Total Checkouts | Total Renewals | Full call number | Barcode | Date last seen | Date last borrowed | Copy number | Price effective from | Koha item type | Serial Enumeration / chronology |
|---|---|---|---|---|---|---|---|---|---|---|---|---|---|---|---|---|---|---|---|---|---|
| Library of Congress Classification | Non-fiction | Bishop Okullu Memorial Library (Limuru Campus) | Bishop Okullu Memorial Library (Limuru Campus) | General Circulation | 24/10/2013 | Purchase | 1400.00 | 28 | 8 | BS2331 .B56 2010 | 037373 | 24/02/2026 | 28/01/2026 | 1 | 24/10/2013 | Book | |||||
| Library of Congress Classification | Non-fiction | Bishop Okullu Memorial Library (Limuru Campus) | Bishop Okullu Memorial Library (Limuru Campus) | General Circulation | 19/02/2024 | donation | BS2331 .B56 2010 | 071165 | 19/02/2024 | 3 | 19/02/2024 | Book | 3000 | ||||||||
| Library of Congress Classification | Non-fiction | Bishop Okullu Memorial Library (Limuru Campus) | Bishop Okullu Memorial Library (Limuru Campus) | General Circulation | 19/02/2024 | donation | BS2331 .B56 2010 | 071166 | 19/02/2024 | 4 | 19/02/2024 | Book | 3000 | ||||||||
| Library of Congress Classification | Non-fiction | Joshua & Timothy School of Theology Library (JTSOT) | Joshua & Timothy School of Theology Library (JTSOT) | General Circulation | 19/02/2024 | donation | BS2331 .B56 2010 | 071164 | 19/02/2024 | 2 | 19/02/2024 | Book | 3000 |